000 00524nam a22002057a 4500
999 _c6390
_d6390
003 OSt
005 20210415091403.0
008 191202b ||||| |||| 00| 0 eng d
020 _a0199636931
040 _cDNML
082 _a660.6 BAI 2002
100 _a Bain, William.
_95877
245 _a Biotechnology fron A to Z
250 _a2nd ed.
260 _aOxford University Press,
_c2002
300 _a411p;
_bIll:
_c23cm
505 _aReferences, & index included
650 _aTechnology
_913105
942 _2z
_cO_SHELF